000 00420nam a22001697a 4500
003 OSt
005 20211208134132.0
008 211208b |||||||| |||| 00| 0 eng d
020 _a0-23-04026-4-8
040 _ahu
_ciot
082 _28edition
_a005.74
100 _agarcia-molina hector
_922146
245 _adata base system implemntaion
260 _ahall
_bnew jersey
_c2000
300 _e653
942 _2ddc
_cBOOKS
_n0
999 _c21853
_d21853